000
00310 a2200145 4500
001
76000
040
_c
Anchieta - Colégio São Paulo
100
_a
Newton, Villas Bôas
240
1
0
_a
Conecte Física
_l
por
245
1
0
_a
Conecte Física
300
_a
182
362
0
_a
2014
650
4
_a
Física
942
_c
BK
999
_c
76000
_d
76000